000 00335nam a22001457a 4500
008 210609b ||||| |||| 00| 0 eng d
020 _a9780812114355
041 _aeng
080 _25th
_a591
082 _a591
100 _a7
101 _aZOO
245 _aAnatomy and Physiology of Farm Animals
_cFrandson,R.D
942 _2udc
_cBK
999 _c58093
_d58093